Communicate to create: (Record no. 89242)
[ view plain ]
| 000 -LEADER | |
|---|---|
| fixed length control field | 01133nam a22002897a 4500 |
| 003 - CONTROL NUMBER IDENTIFIER | |
| control field | URS |
| 005 - DATE AND TIME OF LATEST TRANSACTION | |
| control field | 20260212100313.0 |
| 008 - FIXED-LENGTH DATA ELEMENTS--GENERAL INFORMATION | |
| fixed length control field | 260212b |||||||| |||| 00| 0 eng d |
| 020 ## - INTERNATIONAL STANDARD BOOK NUMBER | |
| International Standard Book Number | 9786214093120 |
| 040 ## - CATALOGING SOURCE | |
| Original cataloging agency | DLC |
| Language of cataloging | eng |
| Transcribing agency | DLC |
| Modifying agency | URS |
| Description conventions | rda |
| 050 ## - LIBRARY OF CONGRESS CALL NUMBER | |
| Classification number | LB 2370 |
| Item number | .B2231 2025 |
| 100 ## - MAIN ENTRY--PERSONAL NAME | |
| Personal name | Bandril, Gladys Rose de Leon |
| 245 ## - TITLE STATEMENT | |
| Title | Communicate to create: |
| Remainder of title | redefining purposive communication in the AI age/ |
| Statement of responsibility, etc. | Gladys Rose de Leon Bandril , Jeanette R. Tuballes; consultant Rizal Osianas Dapat.- |
| 264 ## - PRODUCTION, PUBLICATION, DISTRIBUTION, MANUFACTURE, AND COPYRIGHT NOTICE | |
| Place of production, publication, distribution, manufacture | Quezon City: |
| Name of producer, publisher, distributor, manufacturer | Books atbp. publishing corporation, |
| Date of production, publication, distribution, manufacture, or copyright notice | c2025 |
| 300 ## - PHYSICAL DESCRIPTION | |
| Extent | x, |
| Other physical details | 232 pages: illustration; |
| Dimensions | 23 centimeters. |
| 336 ## - CONTENT TYPE | |
| Source | rdacontent |
| Content type term | text |
| Content type code | txt |
| 337 ## - MEDIA TYPE | |
| Source | rdamedia |
| Media type term | unmediated |
| Media type code | n |
| 338 ## - CARRIER TYPE | |
| Source | rdacarrier |
| Carrier type term | volume |
| Carrier type code | nc |
| 504 ## - BIBLIOGRAPHY, ETC. NOTE | |
| Bibliography, etc. note | includes references. |
| 546 ## - LANGUAGE NOTE | |
| Language note | In English text. |
| 650 ## - SUBJECT ADDED ENTRY--TOPICAL TERM | |
| Source of heading or term | Purposive Communication |
| 650 ## - SUBJECT ADDED ENTRY--TOPICAL TERM | |
| Source of heading or term | Artificial intelligence- Educational application |
| 650 ## - SUBJECT ADDED ENTRY--TOPICAL TERM | |
| Source of heading or term | Communication- Study and teaching- Philippines |
| 700 ## - ADDED ENTRY--PERSONAL NAME | |
| Personal name | Tuballes, Jeanette R. |
| Relator term | author |
| 700 ## - ADDED ENTRY--PERSONAL NAME | |
| Personal name | Dapat, Rizal Osianas |
| Relator term | consultant |
| 942 ## - ADDED ENTRY ELEMENTS (KOHA) | |
| Source of classification or shelving scheme | Library of Congress Classification |
| Koha item type | Filipiniana |
| Classification part | LB 2370 |
| Item part | .B2231 2025 |
| Withdrawn status | Source of classification or shelving scheme | Damaged status | Not for loan | Home library | Current library | Shelving location | Total Checkouts | Full call number | Barcode | Date last seen | Koha item type |
|---|---|---|---|---|---|---|---|---|---|---|---|
| Library of Congress Classification | Angono College Library | Angono College Library | Filipiniana Section | LB 2370 .B2231 2025 | URSANG-7656 | 02/12/2026 | Filipiniana | ||||
| Library of Congress Classification | Angono College Library | Angono College Library | Filipiniana Section | LB 2370 .B2231 2025 | URSANG-7657 | 02/12/2026 | Filipiniana |